| 000 | 00621nam a2200217 i 4500 | ||
|---|---|---|---|
| 001 | bg | ||
| 100 | 1 |
_aSAREŁO, Zbigniew _d(1949- ) |
|
| 245 | 1 | 0 |
_aMedia w służbie osoby : _betyka społecznego komunikowania / _cZbigniew Sareło. |
| 260 |
_aToruń : _bWydaw. Adam Marszałek, _c2000. |
||
| 300 |
_a198, [4] s. ; _c20 cm. |
||
| 500 | _aStreszcz. niem. | ||
| 504 | _aBibliogr. | ||
| 650 | 9 |
_aŚrodki masowego przekazu _xetyka |
|
| 020 | _a8371745141 | ||
| 040 | _cBPK | ||
| 041 | 0 |
_apl _bde |
|
| 080 | _a659.3+004.738.5:179 | ||
| 920 | _a83-7174-514-1 | ||
| 942 | _cKS | ||
| 008 | s pl f |000 0 pol | ||
| 999 |
_c39845 _d39845 |
||
| 856 |
_uhttp://koha.tu.koszalin.pl/cgi-bin/koha/opac-detail.pl?biblionumber=39845 _yKatalog online BPK |
||